000 00705nas a2200229 4500
001 BR9406513
003 BR-BrBNA
005 20231205093759.0
007 ta
008 230509b bl.|||p| |||| 00| 00por d
040 _aBR-BrBNA
_bpor
_cBiblioteca Nacional de Agricultura
041 _a(Pt)
072 _aF04; F61
100 1 _aSpehar, C.R.
245 1 _aComposicao mineral da soja cultivada em solo sob cerrado com dois niveis de calagem
650 _aSoja
650 _aColagem
650 _aAnalise Foliar
773 0 _tPesquisa Agropecuaria Brasileira (Brazil)
_xISSN 0100-204X
_g(May 1993), v. 28(5) p. 645-648
_wBR9406513
909 _a202311
_bLúcia
_c55
_dLúcia Elande
942 _2AGRIS
_n0
_cANA
999 _c140361
_d140361